000 00606nam a22001697a 4500
008 161008b xxu||||| |||| 00| 0 eng d
020 _a0801632986
050 _aGV 436 .S223 1990
100 _aSafrit, Margaret
245 _aIntroduction to Measurement in Physical Education and Exercise Science/
_cMargaret J. Safrit
250 _a2nd ed.
260 _aSt. Louis:
_bTimes Mirror/Mosby College Publishing,
_c1990
300 _axvii, 566p. :
_bill. ;
500 _aIncludes bibliographical references.
650 _aPhysical fitness
_xTesting
942 _2lcc
_cBOOKS
_hGV 436 .S223 1990
999 _c14784
_d14784